Statistics for Holiday Word Scramble!

Click here to take the quiz!

General Stats

  • This quiz has been taken 15 times
  • The average score is 9 of 11

Answer Stats

HintAnswer% Correct
HITSCAMSRCHRISTMAS
100%
EELOHWANLHALLOWEEN
100%
SETREAEASTER
92%
GVINTHNSAKIGTHANKSGIVING
92%
ENTVALISNE'VALENTINE'S
92%
VTREANS'VETERAN'S
92%
YRESANWE'NEW YEAR'S
77%
THEENJUNJUNETEENTH
69%
BORLALABOR DAY
69%
LKYADMMLK DAY
69%
RIKCTPSATS'ST PATRICK'S
69%

Score Distribution

Percentile by Number Answered

Percent of People with Each Score

Your Score History

You have not taken this quiz